<?xml version="1.0" encoding="UTF-8"?><?xml-stylesheet type="text/xsl" href="static/style.xsl"?><OAI-PMH xmlns="http://www.openarchives.org/OAI/2.0/" xmlns:xsi="http://www.w3.org/2001/XMLSchema-instance" xsi:schemaLocation="http://www.openarchives.org/OAI/2.0/ http://www.openarchives.org/OAI/2.0/OAI-PMH.xsd"><responseDate>2026-06-02T05:56:58Z</responseDate><request verb="GetRecord" identifier="oai:riuma.uma.es:10630/13375" metadataPrefix="marc">https://riuma.uma.es/rest/oai/request</request><GetRecord><record><header><identifier>oai:riuma.uma.es:10630/13375</identifier><datestamp>2026-02-03T12:24:01Z</datestamp><setSpec>com_10630_2254</setSpec><setSpec>col_10630_37959</setSpec></header><metadata><record xmlns="http://www.loc.gov/MARC21/slim" xmlns:dcterms="http://purl.org/dc/terms/" xmlns:doc="http://www.lyncode.com/xoai" xmlns:xsi="http://www.w3.org/2001/XMLSchema-instance" xsi:schemaLocation="http://www.loc.gov/MARC21/slim http://www.loc.gov/standards/marcxml/schema/MARC21slim.xsd">
   <leader>00925njm 22002777a 4500</leader>
   <datafield ind2=" " ind1=" " tag="042">
      <subfield code="a">dc</subfield>
   </datafield>
   <datafield ind2=" " ind1=" " tag="720">
      <subfield code="a">López-Rodríguez, Silvia</subfield>
      <subfield code="e">author</subfield>
   </datafield>
   <datafield ind2=" " ind1=" " tag="260">
      <subfield code="c">2017-03-24</subfield>
   </datafield>
   <datafield ind2=" " ind1=" " tag="520">
      <subfield code="a">En esta comunicación se reflexiona sobre la docencia de la asignatura “Escenografía” en la Facultad de Bellas Artes de la Universidad de Málaga. Esta asignatura enmarcada en el área de Escultura intenta cuestionar el proceso de creación artística de un espacio escenográfico facilitando una formación activa y manteniendo unas propuestas que desarrollen el espíritu investigador y experimental tanto a nivel formal como conceptual del alumnado, partiendo de la obra literaria “Historias de cronopios y famas” de Julio Cortázar. El planteamiento de esta asignatura busca generar un espacio formativo que motive la investigación y creatividad del alumnado y promueva la búsqueda de nuevas alternativas expresivas y simbólicas en el diseño y creación de espacios escenográficos.</subfield>
   </datafield>
   <datafield ind1="8" ind2=" " tag="024">
      <subfield code="a">http://hdl.handle.net/10630/13375</subfield>
   </datafield>
   <datafield ind1="8" ind2=" " tag="024">
      <subfield code="a">http://0000-0003-4161-5629</subfield>
   </datafield>
   <datafield tag="653" ind2=" " ind1=" ">
      <subfield code="a">Escenografía - Estudio y enseñanza</subfield>
   </datafield>
   <datafield ind2="0" ind1="0" tag="245">
      <subfield code="a">Estrategias artísticas en torno a la Escenografía: hacia una Escenografía Expandida</subfield>
   </datafield>
</record>
</metadata></record></GetRecord></OAI-PMH>